00501nam a2200193 a 4500001001300000003000900013005001700022008004100039020001000080082001700090100003200107245002100139260003900160300000900199500003500208505002100243650001100264700003200275nice12345678IN_TiNIC20260116011535.0050524s1867 mada grp 000 0 per  ac10000a297.42bQAD3 aQadri, Syed Shah Abdul Late aJawaherul Haqaiq aMadrasbMazharul Ajaib Pressc1867 a182p aincludes index and biblioraphy2 avol.1 and 4 only aSufism1 aQadri, Syed Shah Abdul Late